01410nam a2200289 i 4500001000700000003000700007005001700014008004100031020001800072080004200090080004300132100005000175245024700225246009200472260005900564300003000623504002900653600005700682655004800739700003700787710004600824710004400870852003100914942000800945999001900953952014800972185367SpMaBN20250817075549.0160525s1990 sp a c |||| |bspa d a84-404-7599-3 a76 Gutiérrez-Solana, José (064.3) a763 Gutiérrez-Solana, José (064.3)1 aGutiérrez Solana, José,d1886-194596122510aJosé Gutiérrez Solana b: grabador y litógrafo : [exposiciones] Centro de Escultura de Candás, Museo Antón... Real Academia de Bellas Artes de San Fernando, Calcografía Nacional, 1990-1991 / c[comisario, Luis Alonso Fernández].38aJosé Gutiérrez Solana b: grabador y litógrafo : Fundación Museo Evaristo Valle a[Gijón : bFundación Museo Evaristo Valle, c1990] a106 p. : bil. ; c33 cm. aBibliografía : p. 106.17aGutiérrez Solana, José,d1886-19452embne961225 72tgfbne9193628aCatálogos de exposiciones1 aAlonso Fernández, Luis.9203102 aFundación Museo Evaristo Valle.91596432 aCalcografía Nacional (España)92350 aES-MaACLj2330-F-12cDEPOF 2udc c185367d185367 001040708Colección_de_folletosaATENEOMbATENEOMcDEPOFd2016-05-25eDONl0o2330-F-12p1195294r2023-02-23 00:00:00w2023-02-23yFOLLETOS